Operations now : supply chain profitability and performance (Record no. 1434)
| 000 -LEADER | |
|---|---|
| fixed length control field | 00630nam a22002057a 4500 |
| 003 - CONTROL NUMBER IDENTIFIER | |
| control field | OSt |
| 005 - DATE AND TIME OF LATEST TRANSACTION | |
| control field | 20141111075337.0 |
| 008 - FIXED-LENGTH DATA ELEMENTS--GENERAL INFORMATION | |
| fixed length control field | 141111b xxu||||| |||| 00| 0 eng d |
| 020 ## - INTERNATIONAL STANDARD BOOK NUMBER | |
| International Standard Book Number | 9780073124490 |
| 050 ## - LIBRARY OF CONGRESS CALL NUMBER | |
| Classification number | TS155 .F556 2008 |
| 100 ## - MAIN ENTRY--PERSONAL NAME | |
| Personal name | Finch, Byron J. |
| 245 ## - TITLE STATEMENT | |
| Title | Operations now : supply chain profitability and performance |
| Statement of responsibility, etc | Byron J. Finch. |
| 250 ## - EDITION STATEMENT | |
| Edition statement | 3rd. ed. |
| 260 ## - PUBLICATION, DISTRIBUTION, ETC. (IMPRINT) | |
| Place of publication, distribution, etc | Boston |
| Name of publisher, distributor, etc | McGraw-Hill/Irwin |
| Date of publication, distribution, etc | 2008 |
| 300 ## - PHYSICAL DESCRIPTION | |
| Extent | xli, 769 p |
| Other physical details | ill. (chiefly col.) |
| Dimensions | 29cm. |
| 440 ## - SERIES STATEMENT/ADDED ENTRY--TITLE | |
| Title | The McGraw-Hill Irwin series operations management |
| 504 ## - BIBLIOGRAPHY, ETC. NOTE | |
| Bibliography, etc | Includes index. |
| 650 ## - SUBJECT ADDED ENTRY--TOPICAL TERM | |
| Topical term or geographic name as entry element | Production management. |
| 942 ## - ADDED ENTRY ELEMENTS (KOHA) | |
| Source of classification or shelving scheme | |
| Koha item type | Book |
| Withdrawn status | Lost status | Source of classification or shelving scheme | Damaged status | Not for loan | Home library | Current library | Shelving location | Date acquired | Total Checkouts | Full call number | Barcode | Date last seen | Date checked out | Copy number | Price effective from | Koha item type | Total Renewals |
|---|---|---|---|---|---|---|---|---|---|---|---|---|---|---|---|---|---|
| Riara University Library | Riara University Library | General stack | 11/11/2014 | 5 | TS155 .F556 2008 | 3805/12 | 27/11/2019 | 30/10/2019 | C.1 | 11/11/2014 | Book | ||||||
| Riara University Library | Riara University Library | General stack | 11/11/2014 | 4 | TS155 .F556 2008 | 3806/12 | 06/10/2021 | 10/05/2021 | C.2 | 11/11/2014 | Book | 1 | |||||
| Riara University Library | Riara University Library | 11/11/2014 | 7 | TS155 .F556 2008 | 3807/12 | 09/02/2021 | 16/01/2020 | C.3 | 11/11/2014 | Book |
